| 000 | 00000cam 2200000zi 4500 |
| 001 | 9.941364 |
| 003 | CaOODSP |
| 005 | 20260217104915 |
| 006 | m o d f |
| 007 | cr |n||||||||| |
| 008 | 240731s2024 onca o f|0| 0 eng d |
| 040 | |aCaOODSP|beng|erda|cCaOODSP |
| 043 | |an-cn--- |
| 086 | 1 |aP26-4/2024E-PDF |
| 245 | 00|aPSPC national CADD standard : |bcomputer-aided design and drafting. |
| 250 | |aVersion 2024. |
| 264 | 1|a[Ottawa] : |bPublic Services and Procurement Canada = Services publics et Approvisionnement Canada, |c2024. |
| 300 | |a1 online resource (6 volumes) : |billustrations |
| 336 | |atext|btxt|2rdacontent |
| 337 | |acomputer|bc|2rdamedia |
| 338 | |aonline resource|bcr|2rdacarrier |
| 500 | |aIssued also in French under title: Norme nationale CDAO de SPAC : conception et dessin assistés par ordinateur. |
| 500 | |aThe publication files in PDF format were replaced on 30 April 2025 as requested by Public Services and Procurement Canada. |
| 500 | |aThe publication file in PDF format for Annex B : Symbols and graphics has been replaced on 1 May 2025 as requested by Public Services and Procurement Canada. |
| 500 | |aThe publication file in PDF format for Annex A : Layers has been replaced on 17 February 2026 (Version 2024.2) and on 13 May 2025 (Version 2024.1) as requested by Public Services and Procurement Canada. |
| 505 | 0 |aAnnex A. Layers -- annex B. Symbols and graphics -- annex C. Toolkit for AutoCAD -- annex D. Toolkit for Civil 3D -- annex E. Toolkit for Revit. |
| 610 | 10|aCanada. |bPublic Services and Procurement Canada. |
| 650 | 0|aComputer-aided design|zCanada. |
| 710 | 1 |aCanada. |bPublic Services and Procurement Canada, |eissuing body. |
| 775 | 08|tNorme nationale CDAO de SPAC : |w(CaOODSP)9.941611 |
| 795 | |tPSPC national CADD standard : |b[2017 edition]|w(CaOODSP)9.912465 |
| 856 | 40|qPDF|s618 KB|uhttps://publications.gc.ca/collections/collection_2024/spac-pspc/P26-4-2024-eng.pdf|zPSPC national CADD standard |
| 856 | 40|qPDF|s958 KB|uhttps://publications.gc.ca/collections/collection_2024/spac-pspc/P26-4-2024-1-eng.pdf|zAnnex A : Layers |
| 856 | 40|qPDF|s2.95 MB|uhttps://publications.gc.ca/collections/collection_2024/spac-pspc/P26-4-2024-2-eng.pdf|zAnnex B : Symbols and graphics |
| 856 | 40|qPDF|s679 KB|uhttps://publications.gc.ca/collections/collection_2024/spac-pspc/P26-4-2024-3-eng.pdf|zAnnex C : Toolkit for AutoCAD |
| 856 | 40|qPDF|s275 KB|uhttps://publications.gc.ca/collections/collection_2024/spac-pspc/P26-4-2024-4-eng.pdf|zAnnex D : Toolkit for Civil 3D |
| 856 | 40|qPDF|s929 KB|uhttps://publications.gc.ca/collections/collection_2024/spac-pspc/P26-4-2024-5-eng.pdf|zAnnex E : Toolkit for Revit |